| 000 | 00381nam a2200145Ia 4500 | ||
|---|---|---|---|
| 008 | 240624s9999 xx 000 0 und d | ||
| 041 | _aeng | ||
| 082 | _a001.4 RUB | ||
| 100 | _aRUBIN HERBERT J | ||
| 245 | _aQUALITATIVE INTERVIEWING THE ART OF HEAR | ||
| 250 | _a(3rd ed.) | ||
| 260 |
_c2012 _aLondon _bSage Publications |
||
| 300 | _axix, : 265 : p. : cm. ; 23 | ||
| 365 |
_c _b30 |
||
| 999 |
_c19790 _d19790 |
||